<?xml version="1.0" encoding="UTF-8"?>
<record
    xmlns:xsi="http://www.w3.org/2001/XMLSchema-instance"
    xsi:schemaLocation="http://www.loc.gov/MARC21/slim http://www.loc.gov/standards/marcxml/schema/MARC21slim.xsd"
    xmlns="http://www.loc.gov/MARC21/slim">

  <leader>01599nam a2200301 a 4500</leader>
  <controlfield tag="003">DO-SdBNP</controlfield>
  <controlfield tag="005">20240319121127.0</controlfield>
  <controlfield tag="007">ta</controlfield>
  <controlfield tag="008">221117e2013    dr aoc|gr|||| 001 0 spa d</controlfield>
  <datafield tag="020" ind1=" " ind2=" ">
    <subfield code="a">9788582567500</subfield>
  </datafield>
  <datafield tag="040" ind1=" " ind2=" ">
    <subfield code="a">DO-SdBNP</subfield>
    <subfield code="b">spa</subfield>
    <subfield code="c">BNPHU</subfield>
  </datafield>
  <datafield tag="082" ind1=" " ind2="4">
    <subfield code="2">22</subfield>
    <subfield code="b">C758u</subfield>
  </datafield>
  <datafield tag="245" ind1="1" ind2="3">
    <subfield code="a">La construcci&#xF3;n de una mirada =  A contruc&#xE2;o de um olhar</subfield>
    <subfield code="b">fotograf&#xED;a brasile&#xF1;a en el acervo de la Pinacoteca de Estado de S&#xE2;o Paulo = fotograf&#xED;a brasileira no acervo da Pinacoteca do Estado S&#xE2;o Paulo</subfield>
    <subfield code="c">Presentaci&#xF3;n, Rafael E. Yun&#xE9;n, Ivo Mesquita; Editor, Julia Souza Ayerbe; Traducci&#xF3;n, Cristiane Grando; Fotograf&#xED;as, Isabella Matheus</subfield>
  </datafield>
  <datafield tag="260" ind1=" " ind2=" ">
    <subfield code="a">Santiago de los Caballeros, Rep&#xFA;blica Dominicana,</subfield>
    <subfield code="b">Centro Le&#xF3;n, </subfield>
    <subfield code="c">2013</subfield>
  </datafield>
  <datafield tag="300" ind1=" " ind2=" ">
    <subfield code="a">148 p. :</subfield>
    <subfield code="b">il., fotgr., retr. ;</subfield>
    <subfield code="c">28 cm.</subfield>
  </datafield>
  <datafield tag="520" ind1=" " ind2=" ">
    <subfield code="a">Pesentaci&#xF3;n. Apresenta&#xE7;&#xE2;o. / Centro Le&#xF3;n /  Pinacoteca do Estado de S&#xE2;o Paulo.--
Estridente naturaleza humanizada. Berrante natureza humanizada. / Di&#xF3;genes Moura.--
Biograf&#xED;a de los fot&#xF3;grafos. Biograf&#xED;as dos fot&#xF3;grafos--
Relaci&#xF3;n de obras. rela&#xE7;&#xE2;o de obras.
Cr&#xE9;ditos.</subfield>
  </datafield>
  <datafield tag="590" ind1=" " ind2=" ">
    <subfield code="a">Inventariado 2022 / MF</subfield>
  </datafield>
  <datafield tag="650" ind1=" " ind2="4">
    <subfield code="9">52295</subfield>
    <subfield code="a">Fotograf&#xED;a  Art&#xED;stica</subfield>
    <subfield code="v">exposici&#xF3;n</subfield>
    <subfield code="z">Brasil</subfield>
  </datafield>
  <datafield tag="650" ind1=" " ind2="4">
    <subfield code="9">77492</subfield>
    <subfield code="a">Fotograf&#xED;as </subfield>
    <subfield code="z">Brasil</subfield>
  </datafield>
  <datafield tag="700" ind1="1" ind2="2">
    <subfield code="a">Yun&#xE9;n, Rafael Emilio</subfield>
    <subfield code="d">1952-</subfield>
    <subfield code="e">present.</subfield>
    <subfield code="9">2304</subfield>
  </datafield>
  <datafield tag="700" ind1=" " ind2="2">
    <subfield code="a"> Mesquita, Ivo</subfield>
    <subfield code="e">present</subfield>
    <subfield code="9">82848</subfield>
  </datafield>
  <datafield tag="700" ind1="2" ind2=" ">
    <subfield code="a">Souza Ayerbe, Julia</subfield>
    <subfield code="e">ed.</subfield>
    <subfield code="9">82849</subfield>
  </datafield>
  <datafield tag="700" ind1="1" ind2=" ">
    <subfield code="a">Grando, Cristiane,</subfield>
    <subfield code="d">1974-</subfield>
    <subfield code="e">trad.</subfield>
    <subfield code="9">24064</subfield>
  </datafield>
  <datafield tag="700" ind1="1" ind2=" ">
    <subfield code="a">Matheus, Isabella</subfield>
    <subfield code="e">trad.</subfield>
    <subfield code="9">82850</subfield>
  </datafield>
  <datafield tag="710" ind1="2" ind2=" ">
    <subfield code="a">Pinacoteca do Estado de S&#xE2;o Pablo (Brasil).</subfield>
    <subfield code="9">82851</subfield>
  </datafield>
  <datafield tag="910" ind1=" " ind2=" ">
    <subfield code="a">MFeliz</subfield>
  </datafield>
  <datafield tag="942" ind1=" " ind2=" ">
    <subfield code="2">ddc</subfield>
    <subfield code="c">LBS1</subfield>
  </datafield>
  <datafield tag="952" ind1=" " ind2=" ">
    <subfield code="0">0</subfield>
    <subfield code="1">0</subfield>
    <subfield code="2">ddc</subfield>
    <subfield code="5">1</subfield>
    <subfield code="7">0</subfield>
    <subfield code="8">PD</subfield>
    <subfield code="a">BNPHU</subfield>
    <subfield code="b">BNPHU</subfield>
    <subfield code="c">CT</subfield>
    <subfield code="d">2021-12-16</subfield>
    <subfield code="e">Dep&#xF3;sito legal / Centro Le&#xF3;n</subfield>
    <subfield code="l">0</subfield>
    <subfield code="o">C758u</subfield>
    <subfield code="p">2022-5499</subfield>
    <subfield code="r">2022-11-17</subfield>
    <subfield code="w">2022-11-17</subfield>
    <subfield code="y">LBS1</subfield>
  </datafield>
  <datafield tag="952" ind1=" " ind2=" ">
    <subfield code="0">0</subfield>
    <subfield code="1">0</subfield>
    <subfield code="2">ddc</subfield>
    <subfield code="5">1</subfield>
    <subfield code="7">0</subfield>
    <subfield code="8">PD</subfield>
    <subfield code="a">BNPHU</subfield>
    <subfield code="b">BNPHU</subfield>
    <subfield code="c">CT</subfield>
    <subfield code="d">2021-12-16</subfield>
    <subfield code="e">Dep&#xF3;sito legal / Centro Le&#xF3;n</subfield>
    <subfield code="l">0</subfield>
    <subfield code="o">C758u</subfield>
    <subfield code="p">2022-5500</subfield>
    <subfield code="r">2022-11-17</subfield>
    <subfield code="t">e.2</subfield>
    <subfield code="w">2022-11-17</subfield>
    <subfield code="y">LBS1</subfield>
  </datafield>
  <datafield tag="952" ind1=" " ind2=" ">
    <subfield code="0">0</subfield>
    <subfield code="1">0</subfield>
    <subfield code="2">ddc</subfield>
    <subfield code="5">6</subfield>
    <subfield code="7">0</subfield>
    <subfield code="8">DS</subfield>
    <subfield code="a">BNPHU</subfield>
    <subfield code="b">BNPHU</subfield>
    <subfield code="c">CT</subfield>
    <subfield code="d">2021-12-16</subfield>
    <subfield code="e">Dep&#xF3;sito legal / Centro Le&#xF3;n</subfield>
    <subfield code="l">0</subfield>
    <subfield code="o">C758u</subfield>
    <subfield code="p">2022-5501</subfield>
    <subfield code="r">2022-11-17</subfield>
    <subfield code="t">e.3</subfield>
    <subfield code="w">2022-11-17</subfield>
    <subfield code="y">LBS1</subfield>
  </datafield>
  <datafield tag="999" ind1=" " ind2=" ">
    <subfield code="c">52970</subfield>
    <subfield code="d">52970</subfield>
  </datafield>
</record>
